000 00454cam a2200181ua 4500
001 3779
008 120213n ii |||gr||||Z||||||asm
040 _cMAIN
082 _a891.4514
100 _aHazarika, Karabi Deka,
245 1 1 _aSahityar chinta chaya
_cby Karabi Deka Hazarika
250 _a1st.
260 _aDibrugarh:
_bBanalata,989.
300 _a110p:
_c23cm.
653 _aAssamese literature
653 _aSahityar chinta chaya
942 _cBK
999 _c3605
_d3605